COMPUTER VISION ALGORITHMS AND APPLICATION / (Record no. 589815)
[ view plain ]
| 000 -LEADER | |
|---|---|
| fixed length control field | 00348nam a22001337a 4500 |
| 020 ## - INTERNATIONAL STANDARD BOOK NUMBER | |
| Qualifying information | HB. |
| 040 ## - CATALOGING SOURCE | |
| Transcribing agency | FIZZA ISHAQ |
| 082 ## - DEWEY DECIMAL CLASSIFICATION NUMBER | |
| Classification number | 006.37 |
| Author Mark | RIC |
| 100 ## - MAIN ENTRY--PERSONAL NAME | |
| Personal name | SZELISKI, RICHARD. |
| 9 (RLIN) | 91668 |
| 245 ## - TITLE STATEMENT | |
| Title | COMPUTER VISION ALGORITHMS AND APPLICATION / |
| Statement of responsibility, etc. | RICHARD SZELISKI. |
| 260 ## - PUBLICATION, DISTRIBUTION, ETC. | |
| Place of publication, distribution, etc. | LONDON ; |
| Name of publisher, distributor, etc. | SPRINGER, |
| Date of publication, distribution, etc. | 2011. |
| 300 ## - PHYSICAL DESCRIPTION | |
| Extent | 832 P. ; |
| 942 ## - ADDED ENTRY ELEMENTS (KOHA) | |
| Source of classification or shelving scheme | |
| Koha item type | Book |
| Withdrawn status | Lost status | Source of classification or shelving scheme | Damaged status | Not for loan | Permanent Location | Current Location | Date acquired | Total Checkouts | Full call number | Barcode | Date last seen | Price effective from | Koha item type |
|---|---|---|---|---|---|---|---|---|---|---|---|---|---|
| NUST Baluchistan Campus (NBC) | NUST Baluchistan Campus (NBC) | 05/19/2022 | 006.37 RIC | Q-5186 | 05/19/2022 | 05/19/2022 | Book |
